Dragonball Super (Record no. 12165)

MARC details
000 -LEADER
fixed length control field 00230nam a22000977a 4500
008 - FIXED-LENGTH DATA ELEMENTS--GENERAL INFORMATION
fixed length control field 221128b |||||||| |||| 00| 0 eng d
020 ## - INTERNATIONAL STANDARD BOOK NUMBER
International Standard Book Number 9781421592541
100 ## - MAIN ENTRY--PERSONAL NAME
Personal name Toriiyama Akira
9 (RLIN) 7635
245 ## - TITLE STATEMENT
Title Dragonball Super
260 ## - PUBLICATION, DISTRIBUTION, ETC. (IMPRINT)
Date of publication, distribution, etc. 2021

No items available.

Powered by Koha